Diccionario océano de sinónimos y antónimos / (Registro nro. 11514)
[ vista simple ]
| 000 -LIDER | |
|---|---|
| fixed length control field | 00798nam a22002657a 4500 |
| 001 - NÚMERO DE CONTROL | |
| Identificador de número de control | 0011602 |
| 003 - IDENTIFICACDOR DE NÚMERO DE CONTROL | |
| control field | DO-SdBNP |
| 005 - DATE AND TIME OF LATEST TRANSACTION | |
| control field | 20161017113133.0 |
| 007 - CAMPOS FIJOS DE DESCRIPCIÓN FÍSICA | |
| fixed length control field | 0011602 |
| 008 - ELEMENTOS DE LONGITUD FIJA | |
| fixed length control field | 161010b 2006 sp||||| |||| 00| 0 spa d |
| 020 ## - ISBN | |
| International Standard Book Number | 9788449415340 |
| 040 ## - FUENTE DE CATALOGACIÓN | |
| Agencia que crea de manera original el registro | BPMSU |
| Idioma de catalogación | spa |
| Agencia que realiza la transcripción | BPMSU |
| 082 ## - NÚMERO DE CLASIFICACIÓN DECIMAL DE DEWEY | |
| Classification number | R 463.1 |
| Item number | D545o |
| 245 ## - MENCIÓN DE TITULO | |
| Título | Diccionario océano de sinónimos y antónimos / |
| Mención de responsabilidad | editor Carlos Gispert |
| 260 0# - PUBLICACIÓN, DISTRIBUCIÓN, ETC. (PIE DE IMPRENTA) | |
| Lugar de publicación, distribución, etc | Baarcelona : |
| Nombre del editor, distribuidor, etc. | Oceano, |
| Fecha de publicación, distribución, etc | 2000-2008 |
| 300 ## - DESCRIPCIÓN FÍSICA | |
| Extensión | 1024 p. : |
| Dimensiones | 26 cm. |
| Material complementario | + CD-ROM |
| 500 ## - NOTA GENERAL | |
| Nota general | Incluye CD- Rom |
| 650 #4 - ENCABEZAMIENTO DE MATERIA--TEMÁTICO | |
| Término temático o nombre geográfico como elemento de entrada | ESPAÑOL |
| Subdivisión temática general | SINONIMOS Y ANTONIMOS |
| Subdivisión de forma | DICCIONARIOS |
| 700 12 - ASIENTO SECUNDARIO -- NOMBRE PERSONAL | |
| Nombre personal | Gispert, Carlos, |
| Mención de responsabilidad | ed. |
| 700 1# - ASIENTO SECUNDARIO -- NOMBRE PERSONAL | |
| Nombre personal | Gárriz, José, |
| Mención de responsabilidad | dir. ejec. |
| 710 ## - ASIENTO SECUNDARIO -- NOMBRE CORPORATIVO | |
| Nombre corporativo o de jurisdicción | OCÉANO |
| 910 ## - VALIDACIÓN | |
| Validación | Validado. Control de calidad MFF |
| 942 ## - ADDED ENTRY ELEMENTS (KOHA) | |
| Source of classification or shelving scheme | Dewey Decimal Classification |
| Koha item type | Libros |
| 956 ## - LOCAL ELECTRONIC LOCATION AND ACCESS (OCLC) | |
| Nombre de host | BTAVÁREZ |
| Número de acceso | 10 |
| Información de compresión | 20161010 |
| Trayectoria | 0011602 |
| Withdrawn status | Lost status | Source of classification or shelving scheme | Damaged status | Not for loan | Collection code | Home library | Current library | Date acquired | Source of acquisition | Total Checkouts | Full call number | Barcode | Date last seen | Price effective from | Koha item type | Copy number |
|---|---|---|---|---|---|---|---|---|---|---|---|---|---|---|---|---|
| Dewey Decimal Classification | Colección de Referencia General | Biblioteca Pública Metropolitana Salomé Ureña | Biblioteca Pública Metropolitana Salomé Ureña | 10/10/2016 | Compra | 463.1 D545o | BPMSU16100170 | 10/10/2016 | 10/10/2016 | Libros | ||||||
| Dewey Decimal Classification | Colección de Referencia General | Biblioteca Pública Metropolitana Salomé Ureña | Biblioteca Pública Metropolitana Salomé Ureña | 10/17/2016 | Compra | R 463.1 D545o | BPMSU16100187 | 10/17/2016 | 10/17/2016 | Libros | ej. 2 |